000 00722nam a2200229 i 4500
001 bg
245 0 _aPrinciples, methods, and application of particle size analysis /
_cedited by James P. M. Syvitski.
250 _aRepr.
260 _aCambridge :
_bCambridge Univ. Press,
_c1997.
300 _aXII, [1], 367, [1] s. :
_bfot., mapy, rys., wykr. ;
_c26 cm.
504 _aBibliogr. przy rozdz. - Index.
650 9 _aAnaliza sitowa
_xstosowanie
_xgeologia
650 9 _aGeologia inżynierska
_xteoria
700 1 _aSYVITSKI, James P. M.
_eRed.
020 _a0521364728
040 _cBPK
041 0 _aen
080 _a624.131
920 _a0-521-36472-8
942 _cKS
008 s pl f |000 0 pol
999 _c33313
_d33313
856 _uhttp://koha.tu.koszalin.pl/cgi-bin/koha/opac-detail.pl?biblionumber=33313
_yKatalog online BPK